|
|
|
|
| LEADER |
00000nam0a2200000 4500 |
| 001 |
69545 |
| 005 |
20231031075909.0 |
| 010 |
|
|
|a 5811405367
|
| 035 |
|
|
|a (RuTPU)RU\TPU\book\74044
|
| 090 |
|
|
|a 69545
|
| 100 |
|
|
|a 20041027d2004 m y0rusy50 ca
|
| 101 |
0 |
|
|a rus
|
| 102 |
|
|
|a RU
|
| 105 |
|
|
|a a j 001zy
|
| 200 |
1 |
|
|a Основы экологической геофизики
|e учебное пособие
|f В. И. Трухин, К. В. Показеев, В. Е. Куницын, А. А. Шрейдер
|
| 205 |
|
|
|a 2-е перераб. и доп.
|
| 210 |
|
|
|a СПб.
|c Лань
|d 2004
|
| 215 |
|
|
|a 384 с.
|c ил.
|
| 225 |
1 |
|
|a Учебники для вузов. Специальная литература
|
| 320 |
|
|
|a Библиогр.: с. 379-382
|
| 610 |
1 |
|
|a экологическая геофизика
|
| 610 |
1 |
|
|a Земля
|
| 610 |
1 |
|
|a физика
|
| 610 |
1 |
|
|a гравитация
|
| 610 |
1 |
|
|a геомагнетизм
|
| 610 |
1 |
|
|a литосфера
|
| 610 |
1 |
|
|a гидросфера
|
| 610 |
1 |
|
|a атмосфера
|
| 610 |
1 |
|
|a погода
|
| 610 |
1 |
|
|a климат
|
| 610 |
1 |
|
|a экология
|
| 610 |
1 |
|
|a глобальный экологический кризис
|
| 610 |
1 |
|
|a экосистемы
|
| 610 |
1 |
|
|a эволюция
|
| 610 |
1 |
|
|a природная среда
|
| 610 |
1 |
|
|a загрязнения
|
| 610 |
1 |
|
|a антропогенные воздействия
|
| 610 |
1 |
|
|a энергетика
|
| 610 |
1 |
|
|a стихийные бедствия
|
| 610 |
1 |
|
|a тропические циклоны
|
| 610 |
1 |
|
|a цунами
|
| 610 |
1 |
|
|a сейсмичность
|
| 610 |
1 |
|
|a вулканизм
|
| 610 |
1 |
|
|a оползни
|
| 610 |
1 |
|
|a экологические войны
|
| 610 |
1 |
|
|a учебные пособия
|
| 675 |
|
|
|a 550.83(075.8)
|v 3
|
| 701 |
|
1 |
|a Трухин
|b В. И.
|g Владимир Ильич
|
| 701 |
|
1 |
|a Показеев
|b К. В.
|g Константин Васильевич
|
| 701 |
|
1 |
|a Куницын
|b В. Е.
|g Вячеслав Евгеньевич
|
| 701 |
|
1 |
|a Шрейдер
|b А. А.
|g Анатолий Александрович
|
| 801 |
|
1 |
|a RU
|b 63413507
|c 20041027
|g PSBO
|
| 801 |
|
2 |
|a RU
|b 63413507
|c 20050701
|g PSBO
|
| 900 |
|
|
|a Экологическая геофизика
|
| 942 |
|
|
|c BK
|
| 951 |
|
|
|a 510400
|b 010400
|
| 959 |
|
|
|a 25/20050404
|d 1
|e 183
|f НФ:1
|